000
00282nam a2200109Ia 4500
008
231219s9999 xx 000 0 und d
041
_a
eng
100
_a
David A.Aaker and V.Kumar
245
_a
Marketing Research
260
_b
John Wiley and Sons New York.
650
_a
Management
999
_c
979073
_d
979073